Loading...
| Fine Arts - Classical Music | 7 | 18.57 | 2,529% | 500% | 700% |
| Fine Arts - Other | 5 | 14.00 | 4,220% | 500% | 180% |
| Fine Arts - Painting & Sculpture | 3 | 13.33 | 5,400% | 300% | 300% |
| History - American | 5 | 14.00 | 3,240% | 520% | 320% |
| History - European | 7 | 21.43 | 5,786% | 714% | 343% |
| History - Other | 5 | 18.00 | 3,580% | 280% | 660% |
| History - World | 6 | 13.33 | 6,750% | 150% | 300% |
| Literature - American | 3 | 20.00 | 6,467% | 300% | 500% |
| Literature - British | 10 | 17.00 | 3,070% | 430% | 580% |
| Literature - European | 9 | 16.67 | 5,733% | 367% | 378% |
| Literature - World | 6 | 15.00 | 7,283% | 117% | 300% |
| Mythology | 5 | 30.00 | 7,760% | 880% | 880% |
| Other | 7 | 21.43 | 5,086% | 514% | 729% |
| Philosophy | 4 | 17.50 | 5,275% | 0% | 825% |
| Religion | 4 | 15.00 | 0% | 600% | 625% |
| Science - Biology | 6 | 16.67 | 2,700% | 283% | 883% |
| Science - Chemistry | 4 | 15.00 | 3,625% | 425% | 400% |
| Science - Other | 4 | 22.50 | 6,075% | 400% | 850% |
| Science - Physics | 4 | 17.50 | 3,250% | 600% | 425% |
| Social Science | 6 | 16.67 | 5,117% | 300% | 550% |